| 000 | 00732nam a22002057a 4500 | ||
|---|---|---|---|
| 005 | 20100812151112.0 | ||
| 010 | _aENG-100046 | ||
| 020 |
_a9789350011102 _c75.00 |
||
| 035 | _aEN-83578 | ||
| 037 | _bDBAD/PUB | ||
| 082 | _a899.7208 | ||
| 100 |
_aRamesh, N. _913318 |
||
| 245 |
_aEugene o'neill's mouring becomes electra as a tragedy / _cby N. Ramesh |
||
| 260 |
_aPerambalur _bMercury Printers & Publications _c2008 |
||
| 270 |
_bPerambalur _e621212 |
||
| 300 |
_a74p. _c20cm (pbk) |
||
| 500 | _aIncludes bibliogrphical references | ||
| 942 |
_2ddc _cEN _h899.7208 _mRAM |
||
| 999 |
_c41411 _d41411 |
||